Ava Max Charting Songs (Billboard Dance Airplay) - Statistics

General Stats
  • This quiz has been taken 14 times
  • The average score is 5 of 7
Answer Stats
Album Weeks On Peak Artist(s) Song % Correct
Heaven & Hell 19 Weeks #4 Ava Max Sweet but Psycho
93%
Drive 23 Weeks #1 (2 Weeks) Tiesto & Ava Max The Motto
86%
Heaven & Hell 26 Weeks #4 Ava Max Kings & Queens
79%
Heaven & Hell 11 Weeks #15 Ava Max My Head and My Heart
79%
Non-Album Single 5 Weeks #8 David Guetta, Alphaville & Ava Max Forever Young
71%
KYGO 18 Weeks #6 Kygo & Ava Max Whatever
71%
Non-Album Single 8 Weeks #23 Alok & Ava Max Car Keys (Ayla)
43%
No matching quizzes found
Score Distribution
Percent of People with Each Score
Percentile by Number Answered
Your Score History
You have not taken this quiz